| 000 | 01125cam a22003014a 4500 | ||
|---|---|---|---|
| 999 |
_c328564 _d328564 |
||
| 001 | 15180723 | ||
| 003 | Nust | ||
| 005 | 20170412110715.0 | ||
| 008 | 080214s2008 nyu 000 1 eng | ||
| 010 | _a 2008006696 | ||
| 020 | _a9780007446629 | ||
| 040 |
_aDLC _cDLC _dDLC |
||
| 043 | _an-us-ny | ||
| 050 | 0 | 0 |
_aPS3623.E432457 _bC48 2008 |
| 082 | 0 | 0 |
_a813.6 _bWEI |
| 100 | 1 |
_aWeisberger, Lauren, _d1977- |
|
| 245 | 1 | 0 |
_aChasing Harry Winston / _cLauren Weisberger. |
| 260 |
_aNew York : _bSimon & Schuster, _c2008. |
||
| 300 |
_a280 p. ; _c25 cm. |
||
| 650 | 0 |
_aYoung women _zNew York (State) _zNew York _vFiction. |
|
| 650 | 0 |
_aFemale friendship _vFiction. |
|
| 651 | 0 |
_aManhattan (New York, N.Y.) _vFiction. |
|
| 655 | 0 | _aChick lit. | |
| 655 | 7 |
_aHumorous fiction. _2gsafd |
|
| 906 |
_a7 _bcbc _corignew _d1 _eecip _f20 _gy-gencatlg |
||
| 942 |
_2ddc _cBK |
||